[Event "Roncana op-A 12th"]
[White "Olive Torras, Ricard"]
[Black "Costa Trave, Jaume"]
[Site "Santa Eulalia de Roncana"]
[Round "6"]
[Result "1/2-1/2"]
[Date "2018.11.10"]
[WhiteElo "1505"]
[BlackElo "1768"]
[PlyCount "89"]
[EventDate "2018.09.29"]
[EventType "swiss"]
[EventRounds "8"]
[EventCountry "ESP"]
[SourceTitle "CBM 187 Extra"]
[Source "ChessBase"]
[SourceDate "2018.11.04"]
[SourceVersion "1"]
[SourceVersionDate "2018.11.04"]
[SourceQuality "1"]

1. e4 e6 2. d4 d5 3. Nd2 c5 4. exd5 Qxd5 5. Nb3 c4 6. Nd2 Qxd4 7. Ngf3 Qc5 8. Bxc4 Nc6 9. 0-0 Nf6 10. Qe2 a6 11. Bd3 Qh5 12. Ne4 Nxe4 13. Qxe4 Bd6 14. c3 Bd7 15. Be3 0-0 16. Rad1 Nd8 17. Qxh7+ Qxh7 18. Bxh7+ Kxh7 19. Rxd6 Bc6 20. Ne5 Bd5 21. a3 f6 22. Nd7 Nc6 23. Nxf8+ Rxf8 24. Bc5 Rc8 25. Rd1 Ne5 26. b4 Nc4 27. Rd7 Nxa3 28. Bd4 Kg8 29. Rd3 Nb5 30. h3 b6 31. Bxb6 Nxc3 32. Rc7 Rxc7 33. Bxc7 Nb5 34. Bb6 Kf7 35. f4 f5 36. g4 Nd6 37. Kf2 Nc4 38. Bd4 g6 39. Ke2 Ke7 40. Bc5+ Kd7 41. Rc3 Kc6 42. Kd3 Kb5 43. Kd4 Nd2 44. Ke5 Nf3+ 45. Kf6 1/2-1/2